| 000 | 00720nam a2200217Ia 4500 | ||
|---|---|---|---|
| 001 | 10323 | ||
| 003 | GE_BSU | ||
| 008 | 181216s||||||||xx |||||||||||||| ||und|| | ||
| 040 | _cGE_BSU | ||
| 080 | _a821.353.1–311.3 | ||
| 100 | _aფურცელაძე,ანტონ | ||
| 245 | _aმაცი ხვიტია: რომანი ანტონ ფურცელაძის | ||
| 245 | _cრედ.ლ.ბეჟანიძე.მხატვ. ლ.ლომაძე | ||
| 260 | _aბათუმი | ||
| 260 | _bსაბჭოთა აჭარა | ||
| 260 | _c1991 | ||
| 300 | _a342გვ.18სმ. | ||
| 653 | _aმაცი ხვიტია | ||
| 653 | _aრომანი | ||
| 942 | _cBK | ||
| 999 |
_c43589 _d43589 |
||